| 000 | 00755cam a2200241 a 4500 | ||
|---|---|---|---|
| 003 | UPN | ||
| 005 | 20240910064326.0 | ||
| 008 | 060613s2005 mx a fr 000 0 spa d | ||
| 020 | _a9701510267 | ||
| 035 | _aUPN01000145414 | ||
| 040 |
_aMX-MxUPN _bspa _cMX-MxUPN |
||
| 050 | 4 |
_aLB1060 _bT63 2005 |
|
| 100 | 1 |
_aTorre Zermeño, Francisco Javier de la, _d1937-2004 _930827 |
|
| 245 | 1 | 0 | _a12 lecciones de pedagogía, educación y didáctica |
| 260 |
_aMéxico : _bAlfaomega, _cc2005. |
||
| 300 |
_a263 páginas : _bilustraciones a color |
||
| 650 | 4 |
_aAprendizaje _92861 |
|
| 650 | 4 |
_aEstrategias de aprendizaje _916394 |
|
| 650 | 4 |
_aProceso enseñanza-aprendizaje _942 |
|
| 902 | _bVíctorGodínez/090223/M | ||
| 905 | _aLibro | ||
| 942 |
_2lcc _cLIBRO |
||
| 999 |
_c117560 _d117560 |
||